Centroamérica necesita un espacio para construir la paz /
Uloženo v:
| Hlavní autor: | |
|---|---|
| Médium: | Text |
| Tagy: |
Přidat tag
Žádné tagy, Buďte první, kdo vytvoří štítek k tomuto záznamu!
|
MARC
| LEADER | 00000 a a2200000 04500 | ||
|---|---|---|---|
| 001 | 17586 | ||
| 003 | |||
| 040 | |||
| 100 | |a Gorostiaga, Xabier | ||
| 245 | |a Centroamérica necesita un espacio para construir la paz / |c Xabier Gorostiaga | ||
| 500 | |a Antes se llamaba : ALAI SERVICIO MENSUAL DE INFORMACION Y DOCUMENTACION | ||
| 773 | |g volumen 11, número 92; páginas 4-8 | ||
| 999 | |c 37449 |d 37449 | ||
